Multiple Choice City Quiz - Moorefield - Statistics

General Stats
  • This quiz has been taken 5 times
  • The average score is 4 of 10
Answer Stats
Question Answer % Correct
In 1985, what natural disaster devastated Moorefield? Flood
100%
What county does Moorefield sit in Hardy
100%
When was Moorefield listed on the National Register of Historic Places? 1986
50%
What Confedrate group roamed the area of Moorefield during the Civil War? McNeill's Rangers
50%
Moorefield is called the _______ product capital of West Virginia Poultry
50%
What river does Moorefield sit near South Branch Potomac
50%
When was Moorefield founded 1777
0%
What is the population of Moorefield 2.5k
0%
Moorefield is the __th oldest town in West Virginia 4
0%
Who is Moorefield named after? Conrad Moore
0%
No matching quizzes found
Score Distribution
Percent of People with Each Score
Percentile by Number Answered
Your Score History
You have not taken this quiz